000 00496nam a2200193Ia 4500
005 20250923145300.0
008 008 250917s9999 xx 000 0 eng d
037 _aPeriodicals
040 _aDSWL
_beng
_cDSWL
041 _aeng
_2eng
084 _qDSWL
245 0 _aSocial Casework
_cby XY Family service Association
260 _aAmerica
_bXY Family service Association
_c1972
365 _aUSD
_b12
490 _vVol.53
925 _g12
942 _cCR
999 _c1449429
_d1449429